| 000 | 00973nac a22002291u 4500 | ||
|---|---|---|---|
| 008 | 100915t xxu||||| |||| 00| 0 eng d | ||
| 010 | _a 2001030687 | ||
| 020 | _a0072431881 | ||
| 082 | 0 | 0 |
_a629.04 _bBAN |
| 100 |
_aBanks, James H. _919180 |
||
| 245 | 1 | 0 |
_aIntroduction to Transportation Engineering / _cJames H. Banks |
| 250 | _a2nd ed. | ||
| 260 |
_aBoston : _bMcGraw-Hill,2002 _c2002. |
||
| 300 |
_aix, 502 p. : _bill. ; _c24 cm. |
||
| 490 |
_919179 _aMcGraw-Hill Series in Transportation |
||
| 504 | _aIncludes bibliographical references and index. | ||
| 650 | 0 |
_aTransportation engineering. _919181 |
|
| 856 | 4 | 2 |
_3Publisher description _uhttp://www.loc.gov/catdir/description/mh021/2001030687.html |
| 856 | 4 | 2 |
_3Table of contents _uhttp://www.loc.gov/catdir/toc/mh021/2001030687.html |
| 942 |
_cBB _k629.04BAN _2ddc |
||
| 999 |
_c2807 _d2807 |
||